<?xml version="1.0" encoding="UTF-8"?>
<resp>
  <nextPage>https://data.bn.org.pl/api/networks/bibs.marcxml?marc=001+b00001150002721&amp;sinceId=1150002722</nextPage>
  <collection>
    <record xmlns='http://www.loc.gov/MARC21/slim'><leader>00977namZa2200325ZiZ4500</leader><controlfield tag='001'>b00001150002721</controlfield><controlfield tag='005'>20241203214346.3</controlfield><controlfield tag='008'>230609s        pl           |000 0 pol c</controlfield><controlfield tag='009'>9913261203005606</controlfield><datafield ind1=' ' ind2=' ' tag='020'><subfield code='a'>8385558349</subfield></datafield><datafield ind1=' ' ind2=' ' tag='035'><subfield code='a'>KR_1KR_1_20120317225030090895-48omnis_kr</subfield></datafield><datafield ind1=' ' ind2=' ' tag='035'><subfield code='a'>KR_1_20120317225030090895</subfield><subfield code='9'>ExL</subfield></datafield><datafield ind1=' ' ind2=' ' tag='035'><subfield code='a'>(PL)b00001150002721</subfield></datafield><datafield ind1=' ' ind2=' ' tag='040'><subfield code='a'>KR_1</subfield><subfield code='c'>KR_1</subfield></datafield><datafield ind1='1' ind2=' ' tag='041'><subfield code='a'>pol</subfield><subfield code='h'>ger</subfield></datafield><datafield ind1='1' ind2=' ' tag='100'><subfield code='a'>Faist, Fritz</subfield></datafield><datafield ind1='1' ind2='0' tag='245'><subfield code='a'>Raclette :</subfield><subfield code='b'>przysmaki za stopionego sera /</subfield><subfield code='c'>Fritz Faist ; [przekł. Cezary Maciborski].</subfield></datafield><datafield ind1=' ' ind2=' ' tag='260'><subfield code='a'>Warszawa :</subfield><subfield code='b'>Warszawski Dom Wydawniczy,</subfield><subfield code='c'>[1993].</subfield></datafield><datafield ind1=' ' ind2=' ' tag='300'><subfield code='a'>48 s. :</subfield><subfield code='b'>fot. kolor. ;</subfield><subfield code='c'>22 cm.</subfield></datafield><datafield ind1='1' ind2=' ' tag='490'><subfield code='a'>Smakosz</subfield></datafield><datafield ind1=' ' ind2=' ' tag='500'><subfield code='a'>n</subfield></datafield><datafield ind1=' ' ind2=' ' tag='504'><subfield code='a'>Indeks.</subfield></datafield><datafield ind1=' ' ind2='9' tag='650'><subfield code='a'>Raclette</subfield></datafield><datafield ind1='1' ind2=' ' tag='700'><subfield code='a'>Maciborski, Cezary</subfield><subfield code='e'>Tł.</subfield></datafield><datafield ind1=' ' ind2=' ' tag='852'><subfield code='b'>48OMNIS_NETWORK</subfield><subfield code='8'>9913261203005606</subfield></datafield><datafield ind1=' ' ind2=' ' tag='852'><subfield code='b'>48OMNIS_KR</subfield><subfield code='8'>991000027199708216</subfield></datafield><datafield ind1=' ' ind2=' ' tag='920'><subfield code='a'>83-85558-34-9</subfield></datafield></record>
  </collection>
</resp>
